This child shall be lent unto the Lord. (Record no. 14598)

000 -LEADER
fixed length control field 00672nam a2200193 a 4500
001 - CONTROL NUMBER
control field :::00012430$&:&@@
003 - CONTROL NUMBER IDENTIFIER
control field OkBaRHE
005 - DATE AND TIME OF LATEST TRANSACTION
control field 20110429170353.0
008 - FIXED-LENGTH DATA ELEMENTS--GENERAL INFORMATION
fixed length control field s1967 j 000 0 eng u
040 ## - CATALOGING SOURCE
Transcribing agency
100 1# - MAIN ENTRY--PERSONAL NAME
Personal name Ward, C. M.
245 10 - TITLE STATEMENT
Title This child shall be lent unto the Lord.
260 ## - PUBLICATION, DISTRIBUTION, ETC. (IMPRINT)
Place of publication, distribution, etc Springfield, MO., :
Name of publisher, distributor, etc Gospel Publishing House
Date of publication, distribution, etc c1967
300 ## - PHYSICAL DESCRIPTION
Extent 32 p. : illus . ;
Dimensions 15 cm.
650 ## - SUBJECT ADDED ENTRY--TOPICAL TERM
Topical term or geographic name as entry element Family
General subdivision Biblical Teaching
942 ## - ADDED ENTRY ELEMENTS (KOHA)
Source of classification or shelving scheme
Koha item type Books
Copies
Koha item type Current Location Source of classification or shelving scheme Withdrawn status Shelving location Lost status Barcode Date acquired Full call number Permanent Location Date last seen Price effective from Damaged status Copy number Not for loan
Books   General Stacks 124302010-04-14HQ 728 .W3RHEMA Bible Training College2010-04-142010-04-14 1 
BooksRHEMA Bible Training College  General Stacks 219532011-04-29HQ 728 .W3RHEMA Bible Training College2011-04-292011-04-29 2